LIBRARY & INFORMATION CENTRE, KCAET, TAVANUR

ONLINE PUBLIC ACCESS CATALOGUE (OPAC)

Advances in agri - management : General management business development and innovative practices (Record no. 15557)

MARC details
000 -LEADER
fixed length control field 00512nam a22001697a 4500
003 - CONTROL NUMBER IDENTIFIER
control field OSt
008 - FIXED-LENGTH DATA ELEMENTS--GENERAL INFORMATION
fixed length control field 190515b ||||| |||| 00| 0 eng d
020 ## - INTERNATIONAL STANDARD BOOK NUMBER
ISBN 9789385516894
082 ## - DEWEY DECIMAL CLASSIFICATION NUMBER
Classification number 630
Item number GUP/AD
245 ## - TITLE STATEMENT
Title Advances in agri - management : General management business development and innovative practices
260 ## - PUBLICATION, DISTRIBUTION, ETC. (IMPRINT)
Place of publication New Delhi
Name of publisher New India publishing Agency
Year of publication 2017
300 ## - PHYSICAL DESCRIPTION
Number of Pages 356 p
700 ## - ADDED ENTRY--PERSONAL NAME
Personal name Gupta, Rakhi
700 ## - ADDED ENTRY--PERSONAL NAME
Personal name Rakesh,Singh
700 ## - ADDED ENTRY--PERSONAL NAME
Personal name Chowdhry, Divya Gupta
942 ## - ADDED ENTRY ELEMENTS (KOHA)
Koha item type Books
Holdings
Withdrawn status Lost status Damaged status Collection code Home library Current library Shelving location Date acquired Cost, normal purchase price Full call number Accession Number Koha item type
      Non-fiction KAUAET KAUAET General Stacks 15/05/2019 2900.00 630 GUP/AD 25748 Books
free website counter